ENHYPEN Bad Desire (With or Without You) (English Ver.) Lyrics - Statistics

General Stats
  • This quiz has been taken 751 times
  • The average score is 202 of 251
Answer Stats
Answer % Correct
you
98%
You
98%
I
97%
With
97%
or
96%
a
95%
without
95%
your
94%
do
92%
Don't
92%
don't
92%
in
91%
it
91%
desire
90%
girl
90%
What
90%
if
89%
my
88%
that
88%
told
88%
touch
88%
an
87%
the
87%
But
86%
Innocent
86%
light
85%
I'm
84%
bad
83%
golden
83%
take
83%
sacrifice
82%
wanna
82%
Wanna
82%
want
82%
angel
81%
dark
81%
heart
81%
monster
81%
close
80%
is
80%
just
80%
pure
79%
ya
79%
come
78%
here
78%
Out
78%
world
78%
all
77%
All
77%
ENHYPEN
76%
see
76%
Yeah
76%
got
75%
baby
74%
it's
74%
It's
74%
Oh
74%
oh
74%
closer
72%
you're
71%
and
69%
deeper
68%
getting
67%
torn
67%
between
66%
brighter
66%
flame
66%
beautiful
64%
fire
64%
me
63%
desires
60%
There's
58%
too
56%
belong
54%
Tell
52%
tattoo
51%
Deepest
50%
like
48%
name
45%
on
44%
skin
43%
permanent
40%
write
39%
for
38%
pull
36%
up
33%
enough
29%
forever
28%
say
28%
ain't
25%
No matching quizzes found
Score Distribution
Percent of People with Each Score
Percentile by Number Answered
Your Score History
You have not taken this quiz